000 nam a22 a 4500
999 _c125709
_d125709
003 BLK
005 20211104163815.0
008 180409b bul|||||r ||||||| ||bul||
010 _aKNG00131385000
040 _aBLK
041 _aBUL
_cBUL
080 _aБългарска литература
_b821.163.2
_x-31
_z821.163.2-31
100 1 _aБелев, Кръстю Димитров
_eпърви автор
_9377528
139 _aБелев, Кръстю Димитров
_bБ 34
245 1 0 _aМирът
_bРоман
_cКръстю Димитров Белев.
250 _a3. изд.
257 _aBGR
260 _aСофия
_bИван Коюмджиев
_c1945
_fСофия : Рила
300 _a291 с.
_c18 см
380 _aX
490 _9205999
_aБиблиотека Нова книга
500 _a1. изд. 1939 изд. на Библ. Нова книга. - 5 000 тир. - Кн. е продължение на романа Пробивът.
852 _aЦб 8588
_bО
852 _aЦб 8.185.4654
_bО
856 4 _qpdf
856 4 _qpdf
942 _cKNG
_n0
_s1
944 _aCR
_c15.06.2012
_l15.06.2012 - от С1,Р / 15.06.2012
_kНаталия_Медовщикова
944 _aED
_c15.06.2012
_l15.06.2012 - от С1,Р / 15.06.2012
999 _d125709
999 _d125709
999 _d125709